|
|
|
|
| LEADER |
01378nam a2200277 a 4500 |
| 001 |
14185249 |
| 008 |
120215s2006 inua b 001 0 eng d |
| 010 |
|
|
|a 2005902140
|
| 020 |
|
|
|a 0672328127 (pbk.)
|
| 040 |
|
|
|a DLC
|c DLC
|d DLC
|d BD-DhAAL
|
| 082 |
0 |
0 |
|a 005.7585
|2 22
|
| 100 |
1 |
|
|a DuBois, Paul,
|d 1956-
|
| 245 |
1 |
0 |
|a MySQL 5 certification study guide /
|c Paul DuBois, Stefan Hinz and Carsten Pedersen.
|
| 260 |
|
|
|a Indianapolis, Ind. :
|b MySQL Press,
|c c2006.
|
| 300 |
|
|
|a xx, 643 p. :
|b ill. ;
|c 23 cm. +
|e 1 CD-ROM (4 3/4 in.)
|
| 500 |
|
|
|a "Covers : MySQL 5.0 Certified Developer, MySQL 5.0 Certified DBA"--P. [4] of cover.
|
| 504 |
|
|
|a Includes bibliographical references and index.
|
| 541 |
|
|
|e 00024506
|
| 650 |
|
0 |
|a Electronic data processing personnel
|x Certification
|v Study guides.
|
| 630 |
0 |
0 |
|a MySQL (Electronic resource)
|x Examinations.
|
| 700 |
1 |
|
|a Hinz, Stefan.
|
| 700 |
1 |
|
|a Pedersen, Carsten.
|
| 852 |
1 |
|
|a Ayesha Abed Library
|c General shelf.
|
| 999 |
|
|
|c 11887
|d 11887
|
| 952 |
|
|
|0 0
|1 0
|4 0
|6 005_758500000000000_DUB
|7 0
|9 19437
|a BRACUL
|b BRACUL
|c GEN
|d 2012-02-16
|e Trim Education
|g 4975.00
|l 14
|m 59
|o 005.7585 DUB
|p 3010024506
|q 2026-05-20
|r 2026-03-03
|s 2026-03-03
|t 1
|w 2012-02-16
|y BK
|x Available
|
| 952 |
|
|
|0 0
|1 0
|4 0
|6 005_758500000000000_DUB
|7 0
|9 19438
|a BRACUL
|b BRACUL
|c AV
|d 2012-02-16
|e Trim Education
|g 4975.00
|l 0
|o 005.7585 DUB
|p 4010024506
|r 2012-02-16
|t 1
|w 2012-02-16
|y AV
|x Available
|